000 00484nam a2200229Ia 4500
003 IT-RoPAU
008 120407s9999 xx 000 0 und d
040 _aIT-RoPAU
040 _cIT-RoPAU
041 _aita
100 _aM. Raymond
100 _cocso
245 _aLa famiglia che raggiunse Cristo
250 _aModena
260 _aEdizioni Paoline
260 _c1960
300 _c cm
490 _aBiografie contemporanee
490 _v1
942 _cBK
999 _c217
_d217